| 000 | 01025nam a2200241Ia 4500 | ||
|---|---|---|---|
| 001 | 12217 | ||
| 003 | GE_BSU | ||
| 008 | 181216s||||||||xx |||||||||||||| ||und|| | ||
| 020 | _a9785912590719 | ||
| 040 | _cGE_BSU | ||
| 080 | _a622.24 | ||
| 100 | _aЮртаев,С.А. | ||
| 245 | _aПрактический справочник бурового мастера.Т.1 | ||
| 245 | _bСправочное руководство для мастеров по бурению,освоению и испытанию нефтяных и газовых скважин | ||
| 260 | _aСПБ | ||
| 260 | _bНПО "Профессионал | ||
| 260 | _c2011 | ||
| 300 | _a870стр.Илл.Приложения | ||
| 541 | _h404Л. | ||
| 653 | _aПрактический справочник бурового мастера | ||
| 653 | _aСправочное руководство для мастеров по бурению,освоению и испытанию нефтяных и газовых скважин | ||
| 942 | _cBK | ||
| 999 |
_c45393 _d45393 |
||